000 00226nam a22000857a 4500
999 _c11818
_d11818
008 200225b ||||| |||| 00| 0 eng d
100 _aPiper Watty
_97496
245 _aThe Little Engine That Could
260 _aNew York
_bPlatt & Munk